Пенсии и льготы военнослужащим и их семьям

Dettagli Bibliografici
Autore principale: Котляр А. И.
Altri autori: Боченков С. Г. (редактор), Дутов В. Н.
Lingua:russo
Pubblicazione: Москва, Воениздат, 1984
Soggetti:
Natura: Libro
KOHA link:https://koha.lib.tpu.ru/cgi-bin/koha/opac-detail.pl?biblionumber=94389

MARC

LEADER 00000nam0a2200000 4500
001 94389
005 20231031105628.0
035 |a (RuTPU)RU\TPU\book\101104 
090 |a 94389 
100 |a 20060411d1984 m y0rusy50 ca 
101 0 |a rus 
102 |a RU 
105 |a y z 000zy 
200 1 |a Пенсии и льготы военнослужащим и их семьям  |f А. И. Котляр, С. Г. Боченков 
210 |a Москва  |c Воениздат  |d 1984 
215 |a 304 с. 
610 1 |a военнослужащие 
610 1 |a льготы 
610 1 |a пенсии 
610 1 |a семьи военнослужащих 
610 1 |a участники ВОВ 
610 1 |a правила выплаты 
686 |a Ц4  |v LBC/SL-A  |2 rubbk 
700 1 |a Котляр  |b А. И. 
701 1 |a Боченков  |b С. Г. 
702 1 |a Дутов  |b В. Н.  |4 340 
801 1 |a RU  |b 63413507  |c 20060411  |g PSBO 
942 |c BK